| 000 | 01001nam a2200265 i 4500 | ||
|---|---|---|---|
| 001 | bg | ||
| 245 | 0 | 0 | _aRachunkowość instytucji finansowych. |
| 260 |
_aWarszawa : _bKrajowa Izba Biegłych Rewidentów, _c2002. |
||
| 300 |
_a232 s. ; _c24 cm. |
||
| 504 | _aBibliogr. | ||
| 505 | _aZawiera: Cz. 1, Rachunkowość zakładów ubezpieczeń / Wanda Pawłowska. Cz. 2, Rachunkowość banków / Joanna Wielgórska-Leszczyńska. | ||
| 650 | 9 |
_aBanki _xrachunkowość _zPolska |
|
| 650 | 9 |
_aZakłady ubezpieczeniowe _xrachunkowość _zPolska |
|
| 655 | _aPodręczniki | ||
| 700 | 1 | _aPAWŁOWSKA, Wanda. | |
| 700 | 1 | _aWIELGÓRSKA-LESZCZYŃSKA, Joanna. | |
| 020 | _a8391226476 | ||
| 040 | _cBPK | ||
| 041 | 0 | _apol | |
| 080 | _a657.47::368.03:336.717.16](07) | ||
| 920 | _a83-912264-7-6 | ||
| 942 | _cKS | ||
| 008 | s pl f |000 0 pol | ||
| 999 |
_c43812 _d43812 |
||
| 856 |
_uhttp://koha.tu.koszalin.pl/cgi-bin/koha/opac-detail.pl?biblionumber=43812 _yKatalog online BPK |
||